Accounting control best practices (E-Book) (Record no. 193179)

000 -LEADER
fixed length control field 01225 a2200289 4500
003 - CONTROL NUMBER IDENTIFIER
control field Nust
005 - DATE AND TIME OF LATEST TRANSACTION
control field 20170207154052.0
010 ## - LIBRARY OF CONGRESS CONTROL NUMBER
LC control number 2008042576
020 ## - INTERNATIONAL STANDARD BOOK NUMBER
International Standard Book Number 0470405422 (cloth)
020 ## - INTERNATIONAL STANDARD BOOK NUMBER
International Standard Book Number 9780470405420 (cloth)
035 ## - SYSTEM CONTROL NUMBER
System control number (OCoLC)ocn259716134
040 ## - CATALOGING SOURCE
Transcribing agency Nust
082 00 - DEWEY DECIMAL CLASSIFICATION NUMBER
Classification number 658.151
100 1# - MAIN ENTRY--PERSONAL NAME
Personal name Steven M. Bragg.
245 10 - TITLE STATEMENT
Title Accounting control best practices (E-Book)
Statement of responsibility, etc. Steven M. Bragg.
250 ## - EDITION STATEMENT
Edition statement 2nd ed.
260 ## - PUBLICATION, DISTRIBUTION, ETC.
Place of publication, distribution, etc. Hoboken, N.J. :
Name of publisher, distributor, etc. Wiley,
Date of publication, distribution, etc. c2009.
300 ## - PHYSICAL DESCRIPTION
Extent viii, 295 p. :
Other physical details ill. ;
Dimensions 24 cm.
490 1# - SERIES STATEMENT
Series statement [Wiley best practices]
500 ## - GENERAL NOTE
General note Includes index.
500 ## - GENERAL NOTE
General note Series from jacket.
505 0# - FORMATTED CONTENTS NOTE
Formatted contents note Introduction -- Controls for accounts payable best practices -- Controls for order entry, credit, and shipment best practices -- Controls for inventory management best practices -- Controls for billing best practices -- Controls for collections -- Controls for cash-handling best practices -- Controls for payroll best practices -- Controls for fixed assets best practices -- Controls for budgeting -- Controls for financial reporting.
650 #0 - SUBJECT ADDED ENTRY--TOPICAL TERM
Topical term or geographic name entry element Accounting.
650 #0 - SUBJECT ADDED ENTRY--TOPICAL TERM
Topical term or geographic name entry element Controllership.
651 ## - SUBJECT ADDED ENTRY--GEOGRAPHIC NAME
Geographic name Accounting control best practices (E-Book)
830 #0 - SERIES ADDED ENTRY--UNIFORM TITLE
Uniform title Wiley best practices.
942 ## - ADDED ENTRY ELEMENTS (KOHA)
Source of classification or shelving scheme
Koha item type Book
Holdings
Withdrawn status Lost status Source of classification or shelving scheme Damaged status Not for loan Collection code Permanent Location Current Location Date acquired Total Checkouts Full call number Barcode Date last seen Price effective from Koha item type
            Military College of Signals (MCS) Military College of Signals (MCS) 12/12/2016   658.151 BRA MCSEB-2888 12/08/2016 12/12/2016 Book
© 2023 Central Library, National University of Sciences and Technology. All Rights Reserved.